| 000 | 00456nam a2200157 a 4500 | ||
|---|---|---|---|
| 005 | 20140412111321.0 | ||
| 008 | 010323s19uu xx 00 eng d | ||
| 020 | _a81-243-0295-2 | ||
| 050 |
_aER _bNu93 1994 |
||
| 245 |
_aNursery rhymes : _brhymes and songs of joy for tiny tots. |
||
| 260 |
_aBombay : _bNavneet Publications (India) Limited, _c1994. |
||
| 300 | _a1 v. (unp.) ; ill. | ||
| 440 | _aVikas Board Book | ||
| 650 | _aRhymes | ||
| 999 |
_c104400 _d104400 |
||